[Event "CRO-chT2 Ost"]
[Site "Croatia"]
[Date "2015.05.09"]
[Round "5.32"]
[White "Savic, Mihajlo"]
[Black "Bosnjak, Petar"]
[Result "1/2-1/2"]
[WhiteElo "2162"]
[BlackElo "2088"]
[PlyCount "62"]
[EventDate "2015.04.25"]
[EventType "team-tourn"]
[EventRounds "11"]
[EventCountry "CRO"]
[SourceTitle "EXT 2016"]
[Source "ChessBase"]
[SourceDate "2015.10.08"]
[SourceVersion "1"]
[SourceVersionDate "2015.10.08"]
[SourceQuality "1"]

1. e4 d6 2. d4 Nf6 3. Bd3 e5 4. c3 Be7 5. Ne2 0-0 6. 0-0 c6 7. h3 Nbd7 8. Nd2 d5 9. Ng3 exd4 10. cxd4 dxe4 11. Ndxe4 Nxe4 12. Bxe4 Nf6 13. Bf3 Be6 14. b3 Qd7 15. Bb2 Rad8 16. Qe2 Bd6 17. Ne4 Nxe4 18. Bxe4 Bf5 19. Qf3 Bxe4 20. Qxe4 Rfe8 21. Qf3 Qe6 22. Rab1 Qe4 23. Qxe4 Rxe4 24. Rfe1 Rde8 25. Kf1 Rxe1+ 26. Rxe1 Rxe1+ 27. Kxe1 f5 28. Ke2 Kf7 29. Kd3 g6 30. f3 Ke6 31. g4 Kd5 1/2-1/2

[Event "CRO-chT2 East"]
[Site "Croatia"]
[Date "2014.05.10"]
[Round "4.35"]
[White "Tomerlin, Sinisa"]
[Black "Savic, Mihajlo"]
[Result "1-0"]
[WhiteElo "2242"]
[BlackElo "2179"]
[PlyCount "89"]
[EventDate "2014.04.26"]
[EventType "team-tourn"]
[EventRounds "11"]
[EventCountry "CRO"]
[SourceTitle "EXT 2019"]
[Source "ChessBase"]
[SourceDate "2018.10.10"]
[SourceVersion "1"]
[SourceVersionDate "2018.10.10"]
[SourceQuality "1"]

1. Nf3 f5 2. g3 Nf6 3. Bg2 e6 4. 0-0 Be7 5. d3 0-0 6. c4 Nc6 7. Nc3 Kh8 8. a3 a5 9. Rb1 d5 10. cxd5 Nxd5 11. Nb5 e5 12. Qc2 Ra6 13. e4 Nf6 14. Nh4 Rb6 15. Qc4 f4 16. Nf5 Ne8 17. d4 f3 18. Bxf3 Rxf5 19. exf5 Bxf5 20. Be3 Bxb1 21. Rxb1 exd4 22. Nxd4 Ne5 23. Qa4 Nxf3+ 24. Nxf3 Rf6 25. Ne5 Nd6 26. Qxa5 h6 27. Rd1 Qc8 28. f4 b6 29. Qd5 Qe6 30. Qxe6 Rxe6 31. Bd4 Kh7 32. a4 Nf5 33. Bf2 Bf6 34. Rd7 c5 35. g4 Rd6 36. gxf5 Bxe5 37. Rxd6 Bxd6 38. Be3 Kg8 39. Kg2 Kf7 40. Kf3 Be7 41. Ke4 Kf6 42. b3 g6 43. fxg6 Kxg6 44. f5+ Kf7 45. Bf4 1-0

[Event "CRO-chT2 East"]
[Site "Osijek"]
[Date "2013.10.27"]
[Round "11.44"]
[White "Opacak, Ivan"]
[Black "Savic, Mihajlo"]
[Result "0-1"]
[WhiteElo "1879"]
[BlackElo "2217"]
[PlyCount "34"]
[EventDate "2013.04.20"]
[EventType "team-tourn"]
[EventRounds "11"]
[EventCountry "CRO"]
[SourceTitle "EXT 2023"]
[Source "ChessBase"]
[SourceDate "2022.10.05"]
[SourceVersion "1"]
[SourceVersionDate "2022.10.05"]
[SourceQuality "1"]

1. e4 e5 2. Nc3 Nc6 3. f4 Nf6 4. Nf3 d5 5. exd5 Nxd5 6. fxe5 Bg4 7. Bb5 Nxc3 8. Bxc6+ bxc6 9. bxc3 Qd5 10. 0-0 Bc5+ 11. d4 Rd8 12. Qe1 Bb6 13. Qg3 Bxf3 14. Qxf3 Qxf3 15. Rxf3 Rxd4 16. Be3 Re4 17. Bd4 Rxd4 0-1

[Event "CRO-chT2 East"]
[Site "Osijek"]
[Date "2013.04.20"]
[Round "2.35"]
[White "Savic, Mihajlo"]
[Black "Kovacevic, Ivan"]
[Result "1/2-1/2"]
[WhiteElo "2217"]
[BlackElo "1854"]
[PlyCount "45"]
[EventDate "2013.04.20"]
[EventType "team-tourn"]
[EventRounds "11"]
[EventCountry "CRO"]
[SourceTitle "EXT 2023"]
[Source "ChessBase"]
[SourceDate "2022.10.05"]
[SourceVersion "1"]
[SourceVersionDate "2022.10.05"]
[SourceQuality "1"]

1. e4 e6 2. d4 d5 3. Nc3 Nf6 4. e5 Nfd7 5. Nf3 c5 6. Ne2 cxd4 7. Nexd4 Nc6 8. Nxc6 bxc6 9. Bd3 Nc5 10. Be2 Qc7 11. 0-0 Be7 12. Nd4 Rb8 13. Kh1 h5 14. f4 Ne4 15. Bf3 Ba6 16. Ne2 Bc5 17. Bxe4 dxe4 18. Nc3 Bxf1 19. Qxf1 e3 20. Ne4 Qa5 21. Qe2 Qb5 22. c4 Qb6 23. Rb1 1/2-1/2

[Event "Vukovar Srijem CupT 6th"]
[Site "Tompojevci"]
[Date "2013.03.09"]
[Round "2.2"]
[White "Rosic, Slavko S"]
[Black "Savic, Mihajlo"]
[Result "1-0"]
[WhiteElo "2273"]
[BlackElo "2217"]
[PlyCount "77"]
[EventDate "2013.03.08"]
[EventType "team-swiss"]
[EventRounds "5"]
[EventCountry "CRO"]
[SourceTitle "EXT 2014"]
[Source "ChessBase"]
[SourceDate "2013.11.20"]
[SourceVersion "1"]
[SourceVersionDate "2013.11.20"]
[SourceQuality "1"]
[WhiteTeam "Sladorana Zupanja"]
[BlackTeam "Borovo Vukovar"]
[WhiteTeamCountry "CRO"]
[BlackTeamCountry "CRO"]

1. e4 e5 2. Nf3 Nf6 3. Qe2 Nc6 4. c3 Be7 5. d4 d6 6. h3 Bd7 7. Bg5 a5 8. Nbd2 0-0 9. g3 Qc8 10. Bg2 Re8 11. dxe5 dxe5 12. Nc4 h6 13. Bxf6 Bxf6 14. Ne3 Ne7 15. h4 g6 16. 0-0 b5 17. Kh2 Rb8 18. Rfd1 c6 19. Ng1 Qc7 20. Bh3 Rbd8 21. Bxd7 Rxd7 22. Rxd7 Qxd7 23. Rd1 Qe6 24. c4 b4 25. Qd2 Nc8 26. Qd7 Kg7 27. Nf3 Nb6 28. Qxe6 Rxe6 29. b3 Nc8 30. Ne1 Rd6 31. Nd3 Rd4 32. f3 a4 33. Ng4 axb3 34. axb3 Na7 35. Kg2 Be7 36. Ne3 f6 37. h5 Nc8 38. hxg6 Kxg6 39. Nf5 1-0

[Event "CRO-chT2 Ost"]
[Site "Osijek"]
[Date "2012.04.21"]
[Round "2.35"]
[White "Zubak, Zeljko"]
[Black "Savic, Mihajlo"]
[Result "1/2-1/2"]
[WhiteElo "1984"]
[BlackElo "2237"]
[PlyCount "37"]
[EventDate "2012.04.21"]
[EventType "team-tourn"]
[EventRounds "11"]
[EventCountry "CRO"]
[SourceTitle "EXT 2014"]
[Source "ChessBase"]
[SourceDate "2013.11.20"]
[SourceVersion "1"]
[SourceVersionDate "2013.11.20"]
[SourceQuality "1"]

1. d4 Nf6 2. c4 e6 3. Nf3 b6 4. g3 Bb7 5. Bg2 Be7 6. 0-0 0-0 7. Nc3 Ne4 8. Qc2 Nxc3 9. bxc3 d5 10. cxd5 exd5 11. a4 Nd7 12. Ba3 Bxa3 13. Rxa3 Qe7 14. Raa1 Rfe8 15. Rfe1 Rad8 16. a5 b5 17. Nd2 Nf6 18. Nb3 Ne4 19. e3 1/2-1/2

[Event "Vukovar DDS Lav IM"]
[Site "Vukovar"]
[Date "2011.02.05"]
[Round "9"]
[White "Mrkonjic, Nenad"]
[Black "Savic, Mihajlo"]
[Result "1/2-1/2"]
[WhiteElo "2363"]
[BlackElo "2264"]
[PlyCount "20"]
[EventDate "2011.02.01"]
[EventType "tourn"]
[EventRounds "10"]
[EventCountry "CRO"]
[EventCategory "4"]
[SourceTitle "EXT 2019"]
[Source "ChessBase"]
[SourceDate "2018.10.10"]
[SourceVersion "1"]
[SourceVersionDate "2018.10.10"]
[SourceQuality "1"]

1. d4 d5 2. Nf3 Nf6 3. Bg5 e6 4. e3 Be7 5. h3 Nbd7 6. c4 c6 7. Nc3 0-0 8. a3 a5 9. Be2 b6 10. 0-0 Bb7 1/2-1/2

[Event "Vukovar DDS Lav IM"]
[Site "Vukovar"]
[Date "2011.02.04"]
[Round "8"]
[White "Savic, Mihajlo"]
[Black "Sertic, Rudolf"]
[Result "0-1"]
[WhiteElo "2264"]
[BlackElo "2401"]
[PlyCount "124"]
[EventDate "2011.02.01"]
[EventType "tourn"]
[EventRounds "10"]
[EventCountry "CRO"]
[EventCategory "4"]
[SourceTitle "EXT 2019"]
[Source "ChessBase"]
[SourceDate "2018.10.10"]
[SourceVersion "1"]
[SourceVersionDate "2018.10.10"]
[SourceQuality "1"]

1. e4 c5 2. Nf3 e6 3. c4 a6 4. Nc3 Qc7 5. d4 cxd4 6. Nxd4 Nf6 7. Bd3 Bb4 8. Qb3 Bc5 9. Nde2 Nc6 10. Bf4 d6 11. 0-0-0 Bxf2 12. Rhf1 Ba7 13. Bc2 Ne5 14. Bd3 Nfg4 15. Bxe5 Nxe5 16. Kb1 0-0 17. Ng3 Bd7 18. Be2 Rfd8 19. Rc1 Rac8 20. Rfd1 Be8 21. a3 Rd7 22. Na2 Qa5 23. Nh5 Ng6 24. Qg3 Qe5 25. Qf3 Qxh2 26. Rh1 Qe5 27. g3 Rdc7 28. Nf4 Bc6 29. Bd3 Nf8 30. Nb4 Be8 31. Rh5 Qf6 32. Qg4 Rc5 33. Rh2 a5 34. Nc2 b5 35. Rch1 Rg5 36. Qh4 bxc4 37. e5 dxe5 38. Bxh7+ Nxh7 39. Qxh7+ Kf8 40. Ne2 Qg6 41. Qh3 Ke7 42. Qf1 Bc6 43. Rh8 Rxh8 44. Rxh8 Be4 45. Qd1 Bxc2+ 46. Qxc2 Qxc2+ 47. Kxc2 Bf2 48. Rc8 e4 49. Rc7+ Kf6 50. Nc3 Bxg3 51. Rxc4 Rg4 52. Nxe4+ Kg6 53. Kd3 Be5 54. b4 axb4 55. axb4 f5 56. Nc5 Rxc4 57. Kxc4 Kf7 58. b5 Bc7 59. Na4 g5 60. b6 Bd6 61. Nc5 g4 62. b7 g3 0-1

[Event "Vukovar DDS Lav IM"]
[Site "Vukovar"]
[Date "2011.02.02"]
[Round "4"]
[White "Savic, Mihajlo"]
[Black "Mrkonjic, Nenad"]
[Result "0-1"]
[WhiteElo "2264"]
[BlackElo "2363"]
[PlyCount "118"]
[EventDate "2011.02.01"]
[EventType "tourn"]
[EventRounds "10"]
[EventCountry "CRO"]
[EventCategory "4"]
[SourceTitle "EXT 2019"]
[Source "ChessBase"]
[SourceDate "2018.10.10"]
[SourceVersion "1"]
[SourceVersionDate "2018.10.10"]
[SourceQuality "1"]

1. e4 d6 2. d4 Nf6 3. Nc3 c6 4. Bd3 e5 5. Nge2 Be7 6. 0-0 b5 7. a3 Qb6 8. d5 a6 9. dxc6 Be6 10. Be3 Qxc6 11. Ng3 Nbd7 12. f3 0-0 13. Qd2 Nb6 14. b3 Rfd8 15. Qf2 Nbd7 16. Nd5 Bxd5 17. Nf5 Bf8 18. exd5 Qxd5 19. b4 Qe6 20. Qg3 g6 21. Qg5 Nd5 22. Bd2 Nf4 23. Nd4 Qd5 24. Nf5 f6 25. Qg3 Qxd3 26. cxd3 Ne2+ 27. Kf2 Nxg3 28. Nxg3 Nb6 29. Rac1 Rdc8 30. Ne4 Kf7 31. g4 Ke6 32. Be3 Nd5 33. d4 Rxc1 34. Rxc1 Nxe3 35. Kxe3 Bh6+ 36. g5 Bxg5+ 37. Nxg5+ fxg5 38. dxe5 Kxe5 39. Rc7 h5 40. Re7+ Kd5 41. Rg7 Rc8 42. Kd3 Rf8 43. Ke3 g4 44. f4 Re8+ 45. Kd3 Re4 46. Rxg6 Rxf4 47. Rg5+ Kc6 48. Rxh5 Rf3+ 49. Kc2 Rxa3 50. Rh4 a5 51. Kb2 Rh3 52. Rxh3 gxh3 53. bxa5 Kb7 54. Kc3 Ka6 55. Kb4 d5 56. Kc5 Kxa5 57. Kxd5 Kb4 58. Kd4 Kb3 59. Kd3 b4 0-1

[Event "Borovo"]
[Site "Borovo"]
[Date "2009.11.07"]
[Round "7"]
[White "Savic, Mihajlo"]
[Black "Mrkonjic, Nenad"]
[Result "1/2-1/2"]
[WhiteElo "2211"]
[BlackElo "2370"]
[PlyCount "40"]
[EventDate "2009.11.04"]
[EventType "tourn"]
[EventRounds "10"]
[EventCountry "CRO"]
[EventCategory "3"]
[SourceTitle "CBM 133 Extra"]
[Source "ChessBase"]
[SourceDate "2010.01.05"]
[SourceVersion "1"]
[SourceVersionDate "2010.01.05"]
[SourceQuality "1"]

1. e4 e5 2. Nf3 Nc6 3. Bb5 a6 4. Ba4 Nf6 5. 0-0 Be7 6. Re1 b5 7. Bb3 d6 8. c3 Na5 9. Bc2 0-0 10. d4 c5 11. Nbd2 Nc6 12. d5 Nb8 13. Nf1 Nbd7 14. Ng3 Re8 15. h3 Nf8 16. Be3 Ng6 17. Nh2 Bd7 18. Ng4 Nxg4 19. hxg4 Rb8 20. Nf5 Bf8 1/2-1/2

[Event "Borovo"]
[Site "Borovo"]
[Date "2009.11.06"]
[Round "5"]
[White "Martic, Zlatko"]
[Black "Savic, Mihajlo"]
[Result "1-0"]
[WhiteElo "2359"]
[BlackElo "2211"]
[PlyCount "69"]
[EventDate "2009.11.04"]
[EventType "tourn"]
[EventRounds "10"]
[EventCountry "CRO"]
[EventCategory "3"]
[SourceTitle "CBM 133 Extra"]
[Source "ChessBase"]
[SourceDate "2010.01.05"]
[SourceVersion "1"]
[SourceVersionDate "2010.01.05"]
[SourceQuality "1"]

1. d4 Nf6 2. c4 g6 3. Nc3 Bg7 4. e4 d6 5. Be2 0-0 6. Nf3 Re8 7. 0-0 e5 8. d5 Nbd7 9. Bg5 Nc5 10. b4 Ncd7 11. a4 a5 12. b5 Nc5 13. Nd2 h6 14. Be3 Nh7 15. Rc1 Bd7 16. f3 f5 17. Nb3 b6 18. Nxc5 dxc5 19. Bd3 Nf6 20. Qc2 fxe4 21. Nxe4 Nxe4 22. Bxe4 g5 23. Bh7+ Kh8 24. Bg6 Rf8 25. Rcd1 Rc8 26. Rfe1 Qe7 27. Be4 Rcd8 28. Rd2 Be8 29. Red1 Bf6 30. Bf5 Kg8 31. Qe4 Bd7 32. d6 Bxf5 33. dxe7 Bxe4 34. exd8Q Bxd8 35. Rxd8 1-0

[Event "Belgrade Spring op"]
[Site "Belgrade"]
[Date "2008.03.29"]
[Round "5"]
[White "Micic, Nenad Z"]
[Black "Savic, Mihajlo"]
[Result "0-1"]
[WhiteElo "2247"]
[BlackElo "2275"]
[PlyCount "50"]
[EventDate "2008.03.25"]
[EventType "swiss"]
[EventRounds "9"]
[EventCountry "YUG"]
[SourceTitle "CBM 123 Extra"]
[Source "ChessBase"]
[SourceDate "2008.05.06"]
[SourceVersion "1"]
[SourceVersionDate "2008.05.06"]
[SourceQuality "1"]

1. c4 e5 2. Nc3 Nc6 3. e3 Bc5 4. Na4 Bb6 5. Nc3 Nf6 6. Nf3 d6 7. Qc2 Be6 8. Be2 Qd7 9. b3 Rd8 10. 0-0 0-0 11. Rd1 Rfe8 12. a3 d5 13. cxd5 Nxd5 14. Bb2 Nxc3 15. Bxc3 Bf5 16. d3 h6 17. h3 Re6 18. e4 Bxh3 19. Qb2 Rg6 20. Bf1 Bg4 21. Be2 Bxf3 22. Bxf3 Qh3 23. Bxe5 Qxf3 24. g3 Nxe5 25. Qxe5 Qxf2+ 0-1

[Event "Slavonija"]
[Site "Borovo"]
[Date "2001.08.03"]
[Round "2"]
[White "Milu, Romeo Sorin"]
[Black "Savic, Mihajlo"]
[Result "1-0"]
[WhiteElo "2475"]
[BlackElo "2294"]
[PlyCount "69"]
[EventDate "2001.08.04"]
[EventType "tourn"]
[EventRounds "5"]
[EventCountry "CRO"]
[EventCategory "6"]
[SourceTitle "CBM 083 Extra"]
[Source "ChessBase"]
[SourceDate "2001.09.11"]
[SourceVersion "1"]
[SourceVersionDate "2001.09.11"]
[SourceQuality "1"]

1. e4 e5 2. Nf3 Nc6 3. Bb5 f5 4. Nc3 fxe4 5. Nxe4 d5 6. Nxe5 dxe4 7. Nxc6 Qg5 8. Qe2 Nf6 9. Ne5+ c6 10. f4 Qxf4 11. d4 Qh4+ 12. g3 Qh5 13. Qxh5+ Nxh5 14. Bc4 Nf6 15. Bf7+ Ke7 16. Bb3 Be6 17. Bg5 Bxb3 18. axb3 Ke6 19. Nc4 Nd5 20. 0-0 h6 21. Bf4 g5 22. Be5 Rg8 23. Rae1 b5 24. Nd2 e3 25. Ne4 b4 26. c4 bxc3 27. bxc3 c5 28. Nf6 cxd4 29. Bxd4 Bg7 30. Nxg8 Bxd4 31. cxd4 Rxg8 32. Ra1 Rb8 33. Ra6+ Rb6 34. Rxb6+ axb6 35. Rf8 1-0

[Event "YUG-chT"]
[Site "Cetinje"]
[Date "1993.??.??"]
[Round "7"]
[White "Jesic, Dusan"]
[Black "Savic, Mihajlo"]
[Result "1-0"]
[WhiteElo "2340"]
[BlackElo "2215"]
[PlyCount "67"]
[EventDate "1993.??.??"]
[EventType "team"]
[EventRounds "11"]
[EventCountry "YUG"]
[SourceTitle "EXT 2002"]
[Source "ChessBase"]
[SourceDate "2001.11.25"]
[SourceVersion "1"]
[SourceVersionDate "2001.11.25"]
[SourceQuality "1"]

1. e4 c5 2. f4 d5 3. exd5 Qxd5 4. Nc3 Qd8 5. Nf3 Nf6 6. Bb5+ Bd7 7. Bxd7+ Nbxd7 8. Qe2 g6 9. b3 Bg7 10. Bb2 0-0 11. 0-0-0 Rc8 12. Ne5 e6 13. g4 Nxe5 14. fxe5 Nd7 15. Nb5 Rc6 16. Kb1 a6 17. Nd6 b5 18. h4 h6 19. Rdf1 Qc7 20. h5 Nxe5 21. Ne4 f5 22. g5 Ng4 23. Bxg7 Qxg7 24. gxh6 Nxh6 25. hxg6 e5 26. Nxc5 Rxc5 27. Qe3 Rfc8 28. Rxh6 Rxc2 29. Rfh1 R8c7 30. Qh3 Rc1+ 31. Rxc1 Rxc1+ 32. Kxc1 e4 33. Kb1 Qd4 34. Qxf5 1-0

[Event "YUG-chT"]
[Site "Cetinje"]
[Date "1993.??.??"]
[Round "8"]
[White "Savic, Mihajlo"]
[Black "Ivanisevic, Ivan"]
[Result "0-1"]
[WhiteElo "2215"]
[BlackElo "2210"]
[PlyCount "78"]
[EventDate "1993.??.??"]
[EventType "team"]
[EventRounds "11"]
[EventCountry "YUG"]
[SourceTitle "EXT 2002"]
[Source "ChessBase"]
[SourceDate "2001.11.25"]
[SourceVersion "1"]
[SourceVersionDate "2001.11.25"]
[SourceQuality "1"]

1. d4 Nf6 2. c4 g6 3. Nc3 Bg7 4. e4 d6 5. Nf3 0-0 6. Be2 c5 7. 0-0 Na6 8. d5 e6 9. h3 Re8 10. Nd2 Nc7 11. a4 a6 12. f4 exd5 13. cxd5 Rb8 14. a5 Bd7 15. Re1 Nb5 16. Nxb5 Bxb5 17. Bxb5 axb5 18. Qb3 Qd7 19. a6 Ra8 20. a7 c4 21. Qg3 Qc7 22. Qf2 Nd7 23. Nf3 Nc5 24. Qc2 Nd3 25. Re2 b4 26. Ra4 b5 27. Ra6 b3 28. Qd2 Rxa7 29. Rc6 Qd7 30. Qe3 Ra1 31. Re1 Nxe1 32. Nxe1 f5 33. Qd2 Rxe4 34. Nf3 Qe8 35. Kh2 Re2 36. Qd1 Bxb2 37. Nd4 Re1 38. Qd2 Bxc1 39. Qc3 Bxf4+ 0-1